Krízové situácie s akcentom na ukladanie (porušovanie) povinností

V období od marca 2020 bol opakovane vyhlasovaný a predlžovaný núdzový stav z dôvodu tzv. pandémie COVID-19. Príspevok poukazuje na ústavne konformné možnosti fakultatívneho obmedzenia základných práv a slobôd ako aj na fakultatívne možnosti ukladania povinností počas krízových situácií v Slovenskej...

Ausführliche Beschreibung

Gespeichert in:
Bibliographische Detailangaben
1. Verfasser: Noé, Gréta
Format: Buchkapitel
Sprache:Slowakisch
Schlagworte:
Tags: Tag hinzufügen
Keine Tags, Fügen Sie das erste Tag hinzu!

MARC

LEADER 00000naa a2200000 4500
001 0295607
005 20230801140916.5
041 0 |a slo 
044 |a CZ 
245 1 0 |a Krízové situácie s akcentom na ukladanie (porušovanie) povinností 
520 |a V období od marca 2020 bol opakovane vyhlasovaný a predlžovaný núdzový stav z dôvodu tzv. pandémie COVID-19. Príspevok poukazuje na ústavne konformné možnosti fakultatívneho obmedzenia základných práv a slobôd ako aj na fakultatívne možnosti ukladania povinností počas krízových situácií v Slovenskej republike s akcentom na tzv. prvý núdzový stav, ktorý predstavuje najmenej závažnú krízovú situáciu. Riešená problematika si vyžadovala analýzu úmyslu ústavodarcu, ktorý pred viac ako 20 rokmi inkorporoval do základného zákona štátu blanketové normy poskytujúce právny základ pre riešenie krízových situácií.Následne prijal ústavný zákon, ktorý blanketové ústavné normy podrobne vykonáva. Z trestnoprávneho hľadiska poukazujem na trestný čin, ktorý môže byť spáchaný výlučne počas trvania krízovej situácie. 
610 2 0 |a práva ľudské 
610 2 0 |a sloboda 
610 2 0 |a kríza 
610 2 0 |a bezpečnosť národná 
610 2 0 |a koronavírus 
610 2 0 |a činy trestné 
100 1 |a Noé, Gréta